000 00717nam a2200217 a 4500
001 000047181
005 20201002053426.0
008 180810s2017 dr ac 000 0 spa d
020 _a9789945124354 (teacher's book)
020 _z9789945124330 (students book)
020 _z9789945124347 (workbook)
040 _aDO-SdBNP
_bspa
_cBNPHU
082 _axxxx
_bB598en
100 1 _aBillini, Raúl
_974943
245 1 0 _aEnglish 1 :
_b1th grade of secondary school /
_cRaúl Billini.
260 _aSanto Domingo :
_bSusaeta,
_c2017.
300 _av. :
_bil., retrs. ;
_c30 cm.
500 _aNew curriculum design
505 0 _gv.1.
_tteacher's book
_gv.2.
_tstudents book
_gv.3.
_tworkbook
590 _aInventariado, 2018/LP
999 _c46669
_d46669